Baby Girl Names With The Most Apperances In The US Top 20 1930-2020 - Statistics

General Stats
  • This quiz has been taken 86 times
  • The average score is 3 of 5
Answer Stats
Number of Appearances Years Appeared Answer % Correct
5 1930, 1940, 1950, 1960, 1970 Mary
88%
9 1930, 1940, 1960, 1970, 1980,1990, 2000, 2010, 2020 Elizabeth
72%
4 1990, 2000, 2010, 2020 Emily
52%
4 1930, 1940, 1950, 1960 Barbara
19%
4 1930, 1940, 1950, 1960 Patricia
19%
No matching quizzes found
Score Distribution
Percent of People with Each Score
Percentile by Number Answered
Your Score History
You have not taken this quiz